| 000 | 00475cam a2200193ua 4500 | ||
|---|---|---|---|
| 001 | 582 | ||
| 008 | 110409n ii |||gr||||Z||||||eng | ||
| 020 | _a81-7339-493-8 | ||
| 040 | _cMAIN | ||
| 082 | _a301 | ||
| 245 | 1 | 1 |
_aSamaj sastar chamu parichai. _cBy Gunamoni Nath. |
| 250 | _a4th. | ||
| 260 |
_aDibrugarh.: _bBanalata., _c2007. |
||
| 300 | _a174 p.:5 cm. | ||
| 653 | _aSociology. | ||
| 653 | _aSamaj shastar chamu parichai. | ||
| 700 | 1 | _aNath, Gunamoni., | |
| 942 | _cBK | ||
| 999 |
_c517 _d517 |
||